000 00544nam a2200169 i 4500
001 120944
003 ES-MaACL
005 20230906191644.0
007 t|
008 070214q1957 sp r ||||1| spa d
100 1 _aPompey, Francisco.
_992936
245 1 0 _aApéndice indispensable a esta ` Guía gráfica y espiritual del Museo del Prado` /
_cpor Francisco Pompey.
260 _aMadrid :
_bAfrodisio Aguado,
_c[1957?]
300 _a32 p. ;
_c24 cm.
610 2 4 _aMuseo Nacional del Prado.
_9160001
852 _aES-MaACL
_j2006-F-11
_bR.42884
999 _c120944
_d120944